000 00632cab a2200241 4500
001 A368
008 090401t1983 xxu||||| |||| 00| 0 eng d
035 _a(Sirsi) u28742
041 _aeng
100 _aBowie, N.
245 4 _aThe depreciation of buildings
260 _c1983
350 _a0
490 _aJournal of Valuation
_v(1983) 2JV
520 _aDescibes the causes of depreciation with guidance for valuers.
650 _aDEPRECIATION
650 _aLIFE EXPECTANCY
650 _aOBSOLESCENCE
690 _aPROPERTY-COMMERCIAL PROPERTY
690 _aRATING AND VALUATION
942 _n0
948 _c04/03/1997
999 _c19328
_d19328